000 00612nam a22002177a 4500
005 20160125051924.0
008 120801t20122012nyua 001 0 eng
020 _a9780071788571
020 _a0071788573
041 0 _aeng
080 _a004
100 1 _aBradford, Ronald.
245 1 0 _aEffective MySQL :
_cRonald Bradford.
260 _aUnited States of America
_bMcGraw-Hill
_c2012
300 _a232 f. :
_bme il.;
_c23 cm
505 _aIndex: f. 223 - 232
630 0 0 _aMySQL (Electronic resource)
650 0 _aKompjuterat
650 0 _aBaza e të të dhënave
942 _2udc
_cBK
999 _c640
_d640